Provinces of Thailand - Statistics

General Stats
  • This quiz has been taken 158 times
  • The average score is 40 of 77
Answer Stats
Region Answer % Correct
Lanna Chiang Mai
86%
Lanna Chiang Rai
82%
Central Bangkok S.A.R.
77%
Tambralinga Phuket
77%
Lanna Nan
75%
Eastern Chon Buri
68%
Eastern Trat
68%
Isan Udon Thani
68%
Tambralinga Pattani
64%
Western Tak
64%
Lanna Lampang
61%
Tambralinga Narathiwat
61%
Tambralinga Yala
61%
Isan Khon Kaen
59%
Tambralinga Krabi
59%
Lanna Lamphun
59%
Lanna Mae Hong Son
59%
Isan Ubon Ratchathani
59%
Central Phra Nakhon Si Ayutthaya
57%
Tambralinga Ranong
57%
Eastern Rayong
57%
Central Samut Prakan
57%
Central Nonthaburi
55%
Central Samut Songkhram
55%
Tambralinga Surat Thani
55%
Isan Bueng Kan
52%
Isan Buriram
52%
Isan Kalasin
52%
Western Kanchanaburi
52%
Lanna Phrae
52%
Tambralinga Trang
52%
Isan Loei
50%
Central Nakhon Sawan
50%
Isan Nong Khai
50%
Tambralinga Phang Nga
50%
Central Samut Sakhon
50%
Tambralinga Songkhla
50%
Lanna Uttaradit
50%
Central Ang Thong
48%
Isan Chaiyaphum
48%
Tambralinga Chumphon
48%
Central Lop Buri
48%
Central Nakhon Nayok
48%
Central Nakhon Pathom
48%
Isan Nakhon Ratchasima
48%
Lanna Phayao
48%
Western Phetchaburi
48%
Central Saraburi
48%
Tambralinga Satun
48%
Isan Yasothon
48%
Isan Amnat Charoen
45%
Eastern Chachoengsao
45%
Isan Mukdahan
45%
Isan Nakhon Phanom
45%
Eastern Prachin Buri
45%
Western Ratchaburi
45%
Isan Roi Et
45%
Central Sukhothai
45%
Central Suphan Buri
45%
Isan Surin
45%
Eastern Chanthaburi
43%
Isan Nong Bua Lamphu
43%
Central Pathum Thani
43%
Central Phetchabun
43%
Central Phitsanulok
43%
Isan Sisaket
43%
Central Chai Nat
41%
Isan Maha Sarakham
39%
Tambralinga Nakhon Si Thammarat
39%
Central Phichit
39%
Eastern Sa Kaeo
39%
Central Sing Buri
39%
Western Prachuap Khiri Khan
36%
Central Uthai Thani
36%
Central Kamphaeng Phet
32%
Isan Sakhon Nakhon
32%
Tambralinga Phattalung
30%
No matching quizzes found
Score Distribution
Percent of People with Each Score
Percentile by Number Answered
Your Score History
You have not taken this quiz